|
|
|
|
| LEADER |
00697nam a22002172a 4500 |
| 001 |
000446147 |
| 003 |
CZ BrMZK |
| 005 |
20140811095454.0 |
| 007 |
ta |
| 008 |
990305s1959 xo f 000 0 slo d |
| 040 |
|
|
|a BOA001
|b cze
|
| 041 |
1 |
|
|a slo
|h eng
|
| 100 |
1 |
|
|a Defoe, Daniel,
|d asi 1661-1731
|7 jn19990001679
|4 aut
|
| 245 |
1 |
0 |
|a Námorník Robinson Crusoe z Yorku, jeho život a neobyčajné dobrodružstvá /
|c Daniel Defoe
|
| 250 |
|
|
|a 1. vyd.
|
| 260 |
|
|
|a Bratislava :
|b Mladé letá,
|c 1959
|
| 300 |
|
|
|a 350 s.
|
| 500 |
|
|
|a Přeloženo z angličtiny
|
| 910 |
|
|
|a BOA001
|b 2-0429.912
|
| 990 |
|
|
|a BK
|
| 996 |
7 |
|
|b 2619765850
|c 2-0429.912
|l MZK
|r Sklad / do 24 hodin
|n 6
|w 000446147
|u 000010
|a 1
|e BOA001
|j MZK50
|s A
|